000 00616 a2200169 4500
003 NUST
038 _aAtta
082 _a 378.242
100 _a Kashif Jameel
_992183
245 _aGrid Wide Security System for User Management using VOMS and JCIarens Architecture
_c Kashif Jameel
260 _a, Isalamabad,
_bNUST School of Electrical Engineering & Computer Science
_c 2004.
300 _a xxi, 144 p.
_b : ill.
_c; 27 cm.+
_eCD-ROM
500 _aSupervisors : Dr. Arshad Ali, Dr. Hafiz Farooq Ahmad.
563 _aa
856 _uhttp://10.250.8.41:8080/xmlui/handle/123456789/9076
942 _cPR
_k378.242 KAS
_2ddc
999 _c8917
_d8917